000 00799nam a2200229Ii 4500
003 JO-AjNU
008 230605s9999||||xx |||||||||||||| ||und||
017 _a2008/6/2149
020 _a978-9957-07-549-7
040 _aJO-AjNU
_bara
_erda
_cJO-AjNU
041 _aara
050 1 4 _aLB41.N37.2010
100 3 _aناصر، إبراهيم عبدالله تأليف/طريف، عاطف عمر م.مشارك/الزبون، محمد سليم م.مشارك,
_eauthor
_942781
245 0 0 _aمدخل إلى التربية
250 _aط2
264 3 1 _aعمان:دار الفكر،2009
300 _a421ص
336 _atext
_btxt
_2rdacontent
337 _aunmediated
_bn
_2rdamedia
338 _avolume
_bnc
_2rdacarrier
650 4 _aالتربية والتعليم-فلسفة ونظريات
_942782
999 _aA18344
_c21912
_d21912